Northernmost Country by Clue - Statistics

General Stats
  • This quiz has been taken 26,684 times
  • The average score is 13 of 20
Answer Stats
The northernmost country that ... Latitude Answer % Correct
has English as an official language 83.1 °N Canada
98%
starts with N 80.8 °N Norway
96%
has tigers living in the wild 81.9 °N Russia
92%
borders Germany 57.8 °N Denmark
89%
is entirely on islands 67.1 °N Iceland
87%
borders the Mediterranean Sea 51.1 °N France
69%
was formerly part of Yugoslavia 46.9 °N Slovenia
68%
has Italian as an official language 47.8 °N Switzerland
68%
is in Africa 37.5 °N Tunisia
68%
with NO glaciers 70.1 °N Finland
65%
is landlocked 56.1 °N Belarus
62%
is entirely in South America 15.8 °N Colombia
62%
speaks mostly Spanish (other than Spain) 32.7 °N Mexico
62%
is an island country touching the Caribbean 23.3 °N Cuba
56%
has a Muslim majority 55.7 °N Kazakhstan
55%
has wild elephants anywhere in its territory 53.6 °N China
54%
with no mountains above 1000 meters 59.8 °N Estonia
54%
is an island country in the Pacific 45.5 °N Japan
54%
borders the D.R. Congo 12.2 °N South Sudan
39%
with four letters in its name 39.8 °N Iran
32%
No matching quizzes found
Score Distribution
Percent of People with Each Score
Percentile by Number Answered
Your Score History
You have not taken this quiz